L' indiscreto fascino del peccato /
Yolanda è una cantante che si esibisce nei principali night club madrileni. Una sera, viene rinvenuto il corpo del fidanzato, morto per overdose. Per paura di essere accusata dalla polizia, la ragazza decide di rifugiarsi all'interno di un convento. Le suore "Redentrici Umiliate" conducono una vita...
Saved in:
| 主要作者: | |
|---|---|
| 其他作者: | , , , |
| 格式: | |
| 語言: | 意大利语 西班牙语 |
| 出版: |
Roma :
Luckyred Homevideo,
2014
|
| 叢編: | Almodóvar collection
|
| 標簽: |
沒有標簽, 成為第一個標記此記錄!
|
MARC
| LEADER | 00000ngm a22000007i 4500 | ||
|---|---|---|---|
| 001 | IT\ICCU\MOD\1657319 | ||
| 003 | ItRI | ||
| 005 | 20260124182808.0 | ||
| 008 | 160516s2014 it |||||||||||||||k|||||c | ||
| 024 | 3 | 1 | |a 5051891128521 |
| 028 | 4 | 2 | |a 1000536655 |
| 040 | |b ita | ||
| 041 | 7 | |a ita |a spa |2 ISO-639-2 | |
| 082 | |a 791.43 |9 CINEMA |2 14 | ||
| 130 | 0 | |a Entre tinieblas <film ; 1983> |3 IT\ICCU\LO1\1102620 | |
| 245 | 0 | 3 | |a L' indiscreto fascino del peccato / |c un film di Pedro Almodóvar ; direttore della fotografia Angel Luis Fernández ; musica Martin Müller & Armin Fausten. |
| 260 | |a Roma : |b Luckyred Homevideo, |c 2014 | ||
| 300 | |a 1 DVD video (circa 96 min.) : |b color., sonoro ; |c 19 cm | ||
| 500 | |a Codice area: 2; sistema e formato video: 16:9, 2:1 adatto ad ogni tipo di televisore; doppio strato; formato audio: Dolby digital 1.0 | ||
| 500 | |a Titolo del contenitore | ||
| 500 | |a Film del 1983, produzione Spagna; interpreti: Cristina Sanchez Pascual, Julieta Serrano, Carmen Maura ... [et al.] | ||
| 500 | |a Lingue: italiano, spagnolo; sottotitoli: italiano, italiano per non udenti | ||
| 500 | |a Vietato ai minori di 14 anni | ||
| 520 | |a Yolanda è una cantante che si esibisce nei principali night club madrileni. Una sera, viene rinvenuto il corpo del fidanzato, morto per overdose. Per paura di essere accusata dalla polizia, la ragazza decide di rifugiarsi all'interno di un convento. Le suore "Redentrici Umiliate" conducono una vita fatta di eccessi: scrivono romanzi osceni, allevano bestie, si iniettano eroina e persino la spacciano. [Da Wikipedia. Cons. del 02.12.2025] | ||
| 700 | 1 | |a Almodóvar, Pedro |0 IT\ICCU\CFIV\096565 |4 drt | |
| 700 | 1 | |a Sánchez Pascual, Cristina |0 IT\ICCU\MODV\287548 |4 aut | |
| 700 | 1 | |a Maura, Carmen |0 IT\ICCU\RAVV\091130 |4 act | |
| 700 | 1 | |a Serrano, Julieta |0 IT\ICCU\UBOV\496397 |4 act | |
| 700 | 1 | |a Fernandez, Angel Luis |0 IT\ICCU\UBOV\718813 |4 pht | |
| 752 | |a it |d Roma | ||
| 790 | 1 | |a Almodóvar Caballero, Pedro |3 IT\ICCU\SBNV\072548 |z Almodóvar, Pedro | |
| 830 | 0 | |a Almodóvar collection |0 IT\ICCU\LIG\0237409 | |
| 942 | |2 ddc |c VM |n 0 | ||
| 952 | |0 0 |1 0 |4 0 |6 VO_2315_000000000000000 |7 0 |9 26389 |a BO |b BO |d 2026-01-24 |i 18680 |l 0 |o VO 2315 |p BO18680 |r 2026-01-24 18:28:08 |w 2026-01-24 |x [Sebina 5] [1 dvd] |y VM |z 1 dvd | ||
| 999 | |c 22305 |d 22305 | ||